Statistics for Most Followed Athletes on Twitter

Click here to take the quiz!

General Stats

  • This quiz has been taken 258 times
  • The average score is 17 of 100

Answer Stats

#SportFollowersAthlete% Correct
1.Soccer12,725,797Cristiano Ronaldo
88%
4.Basketball5,962,087LeBron James
86%
15.Soccer3,512,953Ronaldo
85%
28.Golf2,601,049Tiger Woods
60%
24.Tennis2,975,409Rafael Nadal
57%
21.Skateboarding3,172,814Tony Hawk
52%
6.Soccer4,889,069Wayne Rooney
50%
17.WWE3,316,213Dwayne "The Rock" Johnson
47%
22.Tennis3,087,631Serena Williams
46%
36.Track1,939,198Usain Bolt
46%
43.Swimming1,359,812Michael Phelps
45%
72.Tennis873,178Venus Williams
45%
25.Basketball2,869,244Kevin Durant
42%
50.Football1,278,316Terrell Owens
41%
13.Cycling3,712,876Lance Armstrong
40%
5.Soccer5,139,362Neymar
40%
12.Football3,731,092Chad Ochocinco
36%
27.WWE2,629,238John Cena
36%
3.Basketball6,167,295Shaquille O'Neal
36%
68.Basketball906,899Earvin "Magic" Johnson
35%
55.Tennis1,195,545Novak Djokovic
35%
11.Basketball3,763,758Dwyane Wade
34%
2.Soccer12,519,968Ricardo Kaka
34%
58.Tennis1,153,702Andy Murray
31%
65.Auto Racing985,640Lewis Hamilton
28%
8.Soccer4,278,702Andres Iniesta
27%
19.Boxing3,268,040Floyd Mayweather, Jr.
24%
16.Basketball3,446,370Dwight Howard
22%
42.Basketball1,443,821Chris Paul
21%
33.Basketball2,472,236Carmelo Anthony
19%
56.Basketball1,195,545Blake Griffin
18%
70.Basketball885,825Jeremy Lin
18%
54.Golf1,227,314Rory McIlroy
18%
62.Soccer1,016,535Luis Suarez
17%
96.Basketball646,418Russell Westbrook
17%
64.Snowboarding991,322Shaun White
17%
39.Diving1,771,099Tom Daley
16%
29.Boxing2,590,038Mike Tyson
15%
89.Football698,324Aaron Rodgers
14%
10.Soccer3,932,979Gerard Pique
14%
44.Basketball1,359,471Pau Gasol
14%
20.Soccer3,267,532Rio Ferdinand
14%
78.Soccer836,418Landon Donovan
13%
98.Basketball633,596James Harden
12%
86.Basketball753,991Jason Terry
12%
59.Basketball1,122,316Steve Nash
12%
51.Football1,277,283Drew Brees
11%
41.WWE1,464,355Randy Orton
11%
63.Tennis1,013,685Andy Roddick
10%
34.Basketball2,398,865Paul Pierce
10%
32.MMA2,482,539Anderson Silva
9%
85.Basketball758,761Rajon Rondo
9%
26.Cricket2,651,720Sachin Tendulkar
9%
37.Football1,840,021Tim Tebow
9%
9.Soccer4,048,480Cesc Fabregas
8%
61.Swimming1,073,552Ryan Lochte
8%
14.Soccer3,574,546Carles Puyol
7%
60.Auto Racing1,084,600Jenson Button
7%
84.Track765,068Jessica Ennis
7%
97.Basketball644,278Baron Davis
6%
91.Golf679,932Bubba Watson
6%
88.Gymnastics706,922Gabrielle Douglas
6%
77.Soccer836,418Lukas Podolski
6%
71.Soccer885,092Alex Morgan
5%
53.WWE1,246,579CM Punk
5%
94.Soccer651,368Hope Solo
5%
66.Tennis921,446Juan Martin del Potro
5%
52.Soccer1,251,209Juan Mata
5%
18.Basketball3,292,113Lamar Odom
5%
49.Basketball1,292,768Manu Ginobili
5%
76.WWE842.557"Stone Cold" Steve Austin
5%
35.Skateboarding2,295,270Ryan Sheckler
4%
48.Golf1,305,416Ian Poulter
3%
30.Football2,569,180Reggie Bush
3%
73.Cricket870,250Shane Warne
3%
67.WWE907,816Shawn Michaels
3%
87.WWE708,054The Miz
3%
82.WWE787,967Chris Jericho
2%
100.Soccer648,581Giuseppe Rossi
2%
95.WWE647.811Kelly Kelly
2%
45.Football1,349,941Larry Fitzgerald
2%
69.Basketball905,424Derek Fisher
1%
23.Soccer3,052,196Diego Forlan
1%
47.Basketball1,308,347Kareem Abdul-Jabbar
1%
31.Skateboarding2,497,610Rob Dyrdek
1%
7.Soccer4,498,219Ronaldinho Gaucho
1%
38.Auto Racing1,773,151Rubens Barrichello
1%
81.Football800,982Troy Aikman
1%
80.Soccer802,774Alex De Souza
0%
83.Tennis779,693Gustavo Kuerten
0%
46.Soccer1,323,764Luis Fabiano
0%
75.Football860,964Michael Strahan
0%
40.Baseball1,587,152Nick Swisher
0%
93.MMA662,665Rodrigo Nogueira
0%
90.Basketball680,638Rudy Fernandez
0%
92.Tennis676,117Sania Mirza
0%
57.Golf1,162,777Stewart Cink
0%
99.Soccer630,749Tom Cleverley
0%
74.Football865,705Warren Sapp
0%
79.WWE831,307Zack Ryder
0%

Score Distribution

Percentile by Number Answered

Percent of People with Each Score

Your Score History

You have not taken this quiz